1922 1032 1345 1887 1510 1098 1018 1316 1577 1638 1104 1995 1755 1278 1137 1485 1757 1287 1837 1587 1552 1028 1123 1018 1525 1930 1373 1363 1699 1811 1320 1895 1813 1177 1356 1998 1450 1479 1369 1274 1153 1523 1126 1655 1527 1661 1762 1924 1738 1225 1866 1003 1247 1889 1981 1510 1365 1662 1919 1317 1783 1291 1533 1120 1315 1366 1568 1496 1853 1432 1546 1968 1976 1403 1946 1338 1698 1274 1844 1502 1740 1340 1237 1122 1219 1923 1497 1677 1519 1365 1800 1193 1333 1728 1861 1336 1098 1908 1512 BCNSPRNW ULIB Ver.6.0+V

เปลี่ยนเป็นภาษาไทย

Change to English
 แสดงรายละเอียดบรรณานุกรม
  กลับหน้าหลัก

Brief Record : Get Marc (ISO 2709) : E-mail record : QR code < ปิดหน้าต่าง
LEADER : 00000nam 2200000uu 4500
001    13399121080
003     ULIB
008    020711s2553 th a 000 0 tha d
020    9749216202
090    นว.^bซ471ก
100    Susan Donovan, ผู้เขียน เจ้าขา,ผู้แปล
245    เก็บเธอไว้ให้หัวใจกรุ่นรัก=Knock me off my feet
260    กรุงเทพฯ :^bคิวปิดพัลลิชชิ่ง,^c2553
300    263 หน้า
945    ^p189^l0^i19552
999    ^aทศพร เกษรทอง
รายการนี้ยังไม่มีแท็ก
คุณยังไม่ได้ล็อกอิน คุณสามารถมีกิจกรรมร่วมกับเว็บไซต์ได้ แต่ต้องล็อกอินก่อน ::
  ล็อกอิน

รายการสื่อสารสนเทศ

ลำดับที่ ประเภท เลขเรียก/บาร์โค้ด สถานที่ สถานะ
1. นวนิยาย
นวนิยาย
นว. ซ471ก  
  Barcode: 19552
ห้องสมุดวิทยาเขตสวรรค์ประชารักษ์
►นวนิยาย
บนชั้น
  ขอยืม

BibComment


ยังไม่เคยถูกคอมเมนท์

คอมเมนท์ทรัพยากรรายการนี้
  คอมเมนท์: เก็บเธอไว้ให้หัวใ..


 Copyright 2026. Bcnsprnw @Library